| 000 | 00714nam a2200241 i 4500 | ||
|---|---|---|---|
| 001 | bg | ||
| 100 | 1 | _aMOREL, Stefan | |
| 245 | 1 | 0 |
_aPowłoki natryskiwane cieplnie / _cStefan Morel. |
| 260 |
_aCzęstochowa : _bWydaw. PC, _c1997. |
||
| 300 |
_a299, [3] s : _brys., wykr. ; _c24 cm. |
||
| 490 | 1 |
_aMonografie / Politechnika Częstochowska, _x0860-5017 ; _vnr 48 |
|
| 500 | _aStreszcz. pol. i ang. | ||
| 650 | 9 | _aPowłoki | |
| 650 | 9 | _aNatryskiwanie cieplne | |
| 830 | 0 |
_aMonografie (Politechnika Częstochowska) ; _vnr 48 |
|
| 020 | _a8371930127 | ||
| 040 | _cBPK | ||
| 041 | 0 |
_apl _bplru |
|
| 080 | _a621.791/.795 | ||
| 920 | _a83-7193-012-7 | ||
| 942 | _cKS | ||
| 008 | s pl f |000 0 pol | ||
| 999 |
_c37808 _d37808 |
||
| 856 |
_uhttp://koha.tu.koszalin.pl/cgi-bin/koha/opac-detail.pl?biblionumber=37808 _yKatalog online BPK |
||